Site planning; (3rd ed.) (Record no. 76522)

MARC details
000 -LEADER
fixed length control field 01194nam a2200217 a 4500
008 - FIXED-LENGTH DATA ELEMENTS--GENERAL INFORMATION
fixed length control field 120416s1984 ||||||||||||||||| || u
020 ## - INTERNATIONAL STANDARD BOOK NUMBER
International Standard Book Number 0262121069
050 ## - LIBRARY OF CONGRESS CALL NUMBER
Classification number NA 2540.5 Lyn
100 ## - MAIN ENTRY--PERSONAL NAME
Personal name Lynch, Kevin
245 10 - TITLE STATEMENT
Title Site planning; (3rd ed.)
250 ## - EDITION STATEMENT
Edition statement 3rd ed.
260 ## - PUBLICATION, DISTRIBUTION, ETC.
Place of publication, distribution, etc. Cambridge:
Name of publisher, distributor, etc. MIT Press
Date of publication, distribution, etc. 1984
300 ## - PHYSICAL DESCRIPTION
Extent vii, 499p. : ill.
350 ## -
-- 0.00
650 ## - SUBJECT ADDED ENTRY--TOPICAL TERM
Topical term or geographic name entry element BUILDING SITES--PLANNING
995 ## -
-- TEXTBOOKS (SBE)
-- 0.00
-- 20639
-- CBU-SCHOOL TEXTBOOK COLLECTIONS
-- 1
-- 0.00
-- SCHOOL TEXTBOOK
-- 5
-- AVAILABLE
-- Nov 25, 2008
-- 20639
-- School Collections
995 ## -
-- TEXTBOOKS (SBE)
-- 0.00
-- 20606
-- CBU-SCHOOL TEXTBOOK COLLECTIONS
-- 1
-- 0.00
-- SCHOOL TEXTBOOK
-- 3
-- AVAILABLE
-- Nov 25, 2008
-- 20606
-- School Collections
995 ## -
-- TEXTBOOKS (SBE)
-- 0.00
-- 20608
-- CBU-SCHOOL TEXTBOOK COLLECTIONS
-- 1
-- 0.00
-- SCHOOL TEXTBOOK
-- 2
-- AVAILABLE
-- Nov 25, 2008
-- 20608
-- School Collections
995 ## -
-- BINDERY (DAMAGED)
-- 0.00
-- 712110
-- CBU-MAIN LIBRARY (Kitwe)
-- 1
-- 0.00
-- NA 2540.5 Lyn
-- 1
-- DAMAGED
-- 010197
-- Main Library Open Access Collection
995 ## -
-- TEXTBOOKS (SBE)
-- 0.00
-- 20630
-- CBU-SCHOOL TEXTBOOK COLLECTIONS
-- 1
-- 0.00
-- SCHOOL TEXTBOOK
-- 4
-- AVAILABLE
-- Nov 25, 2008
-- 20630
-- School Collections
999 ## -
-- 76522
-- 76522
Holdings
Withdrawn status Lost status Source of classification or shelving scheme Damaged status Not for loan Permanent Location Current Location Shelving location Date acquired Total Checkouts Full call number Barcode Date last seen Copy number Price effective from Koha item type
          CBU-MAIN LIBRARY, KITWE. CBU-MAIN LIBRARY, KITWE.   04/25/2023   NA 2540.5 Lyn 010197 04/25/2023 4 04/25/2023 MONOGRAPH
          CBU-SCHOOL TEXT BOOK COLLECTION CBU-SCHOOL TEXT BOOK COLLECTION   04/25/2023   SCHOOL TEXTBOOK 20639 04/25/2023 1 04/25/2023 MONOGRAPH
          CBU-SCHOOL TEXT BOOK COLLECTION CBU-SCHOOL TEXT BOOK COLLECTION   04/25/2023   SCHOOL TEXTBOOK 20606 04/25/2023 2 04/25/2023 MONOGRAPH
          CBU-SCHOOL TEXT BOOK COLLECTION CBU-SCHOOL TEXT BOOK COLLECTION   04/25/2023   SCHOOL TEXTBOOK 20608 04/25/2023 3 04/25/2023 MONOGRAPH
          CBU-SCHOOL TEXT BOOK COLLECTION CBU-SCHOOL TEXT BOOK COLLECTION   04/25/2023   SCHOOL TEXTBOOK 20630 04/25/2023 5 04/25/2023 MONOGRAPH